01131nam a2200265Ia 4500003000900000008004100009020001800050040001600068080002300084111008400107245025700191260003700448300001600485490002700501650004100528650002900569650001800598700003200616700002800648700002800676710003700704942000700741999001700748952010000765IN-BaIIA211028s9999 xx 000 0 eng d a0-7923-2523-0 cIIA Library a082.2:52bIAU-S154 aSymposium of the International Astronomical UnioncU.S.A.d1992 Mar. 2-6918773 0aInfrared solar physicsbproceedings of the 154th symposium of the International Astronomical Union held in Tucson, Arizona, U.S.A. March 2-6,1992cedited by D. M. Rabin, Jefferies J. T. and C. Lindsey  aDordrechtbKluwer Academicc1994 axvii, 608p. aIAU symposium; no. 154 aAstronomy and Astrophysics thesaurus aInfrared astronomy95673 aSolar physics aJefferies, J. T., ed918774 aLindsey, C., ed.918775 aRabin, D. M., ed918776 aInternational Astronomical Union cBK c10989d10989 00104070aBANbBANcGENd1994-03-21l0o082.2:52/ IAU-S154p11902r2021-11-05w1994-03-21yBK